MARC

LEADER 00000nam0a2200000 4500
001 195010
005 20231031182603.0
035 |a (RuTPU)RU\TPU\book\212691 
090 |a 195010 
100 |a 20110428d1984 km y0rusy50 ca 
101 0 |a rus 
102 |a RU 
105 |a a z 001zy 
200 1 |a Термодинамика сплавов железа  |f Б. М. Могутнов, И. А. Томилин, Л. А. Шварцман 
210 |a Москва  |c Металлургия  |d 1984 
215 |a 208 с.  |c ил. 
320 |a Библиогр.: с. 200-205. 
610 1 |a железо 
610 1 |a сплавы 
610 1 |a термодинамика 
610 1 |a интерметаллические соединения 
610 1 |a сера 
610 1 |a растворы 
610 1 |a углерод 
610 1 |a легирующие элементы 
610 1 |a водород 
610 1 |a расчет 
610 1 |a фазовые превращения 
675 |a 669.11  |v 3 
700 1 |a Могутнов  |b Б. М.  |g Борис Михайлович 
701 1 |a Томилин  |b И. А.  |g Игорь Аркадьевич 
701 1 |a Шварцман  |b Л. А.  |g Лев Александрович 
801 1 |a RU  |b 63413507  |c 20110428 
801 2 |a RU  |b 63413507  |c 20110926  |g RCR 
942 |c BK